|
|
|
|
| LEADER |
00000nam0a2200000 4500 |
| 001 |
101828 |
| 005 |
20231031112746.0 |
| 010 |
|
|
|a 5990064616
|
| 035 |
|
|
|a (RuTPU)RU\TPU\book\109808
|
| 090 |
|
|
|a 101828
|
| 100 |
|
|
|a 20060918d2005 m y0rusy50 ca
|
| 101 |
1 |
|
|a rus
|c eng
|
| 102 |
|
|
|a RU
|
| 105 |
|
|
|a a z 000zy
|
| 200 |
1 |
|
|a Девять комментариев о коммунистической партии
|e международный проект "Великая Эпоха"
|
| 210 |
|
|
|a Москва
|c Красный пролетарий
|d 2005
|
| 215 |
|
|
|a 222 с.
|c ил.
|
| 330 |
|
|
|a Эта книга рассматривает воздействие на цивилизацию Китая коммунистического движения и коммунистической партии. Глядя на историю Китая за последние 160 лет, мы видим, что насильственно погибло почти сто миллионов человек. Какие же последствия повлекло все, что китайцы избрали сами или, что было навязано им извне? Что же случилось с традиционной китайской культурой и цивилизацией?
|
| 610 |
1 |
|
|a политика
|
| 610 |
1 |
|
|a политические партии
|
| 610 |
1 |
|
|a Коммунистическая партия
|
| 610 |
1 |
|
|a Китай
|
| 610 |
1 |
|
|a история
|
| 686 |
|
|
|a Ф61(5Кит)
|v LBC/SL-A
|2 rubbk
|
| 801 |
|
1 |
|a RU
|b 63413507
|c 20060918
|g PSBO
|
| 801 |
|
2 |
|a RU
|b 63413507
|c 20061003
|g PSBO
|
| 942 |
|
|
|c BK
|